| 000 | 00936nam a22002057a 4500 | ||
|---|---|---|---|
| 999 |
_c15139 _d15139 |
||
| 003 | OSt | ||
| 082 | _2631.587 LEK/AS | ||
| 088 | _aP 227 | ||
| 100 |
_aLEKSHMI S. PRASAD _93991 |
||
| 245 | _aAssessment of food demand and production potential of Kuttippuram grama panchayath using GIS, remote sensing and watershed modeling | ||
| 260 |
_aTavanur 2011 _bDepartment of Land & Water Resources & Conservation Engineering |
||
| 300 | _a40 | ||
| 500 | _aAssessment of food demand and production potential of Kuttippuram grama panchayath using GIS, remote sensing and watershed modeling | ||
| 520 | _aAssessment of food demand and production potential of Kuttippuram grama panchayath using GIS, remote sensing and watershed modeling | ||
| 700 |
_aSaranya J _93992 |
||
| 700 |
_aSreeju K. B _93993 |
||
| 700 |
_aDr. Sathian K. K (Gudie) _93530 |
||
| 856 | _uhttps://drive.google.com/open?id=1KX_-yauspF3irjkcEVPP2ja_1D2i9NvU | ||
| 942 | _cPR | ||